000 00919nam a22002897a 4500
001 4904
003 FISKH
005 20250827091423.0
008 241023b cb ||||| |||| 00| 0 eng d
020 _a0439078075
040 _aFISKH
_beng
_cFISKH
_dFISKH
050 _aQP321.S4858
082 _a612.74
100 _aSimon, Seymour
245 _aMuscles :
_bOur Muscular System /
_cby Seymour Simon
250 _aFirst Scholastic printing, September 1999
260 _aNew York :
_bScholastic ;
_c1998 .
300 _a32 unnumbered pages :
_bcolor illustrations ;
_c24 cm .
490 _a Human Body
505 _aZ
520 _aDescribes the nature and work of muscles, the different kinds, and the effects of exercise and other activities on them.
521 8 _a1030
_bLexile
521 8 _aZ
_bRaz-Plus
650 _amuscular system
_vnon-fiction
942 _2ddc
_cBK
_n0
999 _c4904
_d4904